000 00571nam a22001817a 4500
005 20231106091901.0
008 231106b |||||||| |||| 00| 0 eng d
020 _a9780958475099
041 _aEnglish
082 _a346.5 MEY
100 _aMeyerowitz, D
_lEnglish
245 _aThe Law and Practice of Administration of Estates and Estate Duty /
_cD Meyerowitz
250 _a2007 Edition
260 _aCape Town:
_bThe Taxpayer CC,
_c2007
300 _bxxx, 178 pages ;
_c25 cm.
650 _aLegal practice
_bLaw
942 _cBK
_6ALISON_BN_VRIES
999 _c299
_d299